| 000 -CABECERA |
| campo de control de longitud fija |
01500nam a22002417a 4500 |
| 003 - IDENTIFICADOR DEL NÚMERO DE CONTROL |
| campo de control |
OSt |
| 005 - FECHA Y HORA DE LA ÚLTIMA TRANSACCIÓN |
| campo de control |
20250506144722.0 |
| 008 - DATOS DE LONGITUD FIJA--INFORMACIÓN GENERAL |
| campo de control de longitud fija |
250506b ||||| |||| 00| 0 spa d |
| 020 ## - NÚMERO INTERNACIONAL ESTÁNDAR DEL LIBRO |
| Número Internacional Estándar del Libro |
9789586397421 |
| 040 ## - FUENTE DE LA CATALOGACIÓN |
| Centro/agencia transcriptor |
CO-Mq BPB |
| 041 ## - CÓDIGO DE LENGUA |
| Código de lengua del texto/banda sonora o título independiente |
spa |
| 082 ## - NÚMERO DE LA CLASIFICACIÓN DECIMAL DEWEY |
| Número de clasificación |
AN |
| Número de documento/Ítem |
VARt |
| 100 ## - ENTRADA PRINCIPAL--NOMBRE DE PERSONA |
| Nombre de persona |
Vargas Llosa, Mario |
| Fechas asociadas al nombre |
1936-2025 |
| Término indicativo de función/relación |
autor |
| 245 ## - MENCIÓN DE TÍTULO |
| Título |
Travesuras de la niña mala |
| 264 ## - PRODUCCIÓN, PUBLICACIÓN, DISTRIBUCIÓN, FABRICACIÓN Y COPYRIGHT |
| Producción, publicación, distribución, fabricación y copyright |
Bogotá; |
| Nombre del de productor, editor, distribuidor, fabricante |
Penguin Random House, |
| Fecha de producción, publicación, distribución, fabricación o copyright |
2015 |
| 300 ## - DESCRIPCIÓN FÍSICA |
| Extensión |
418 páginas; |
| Otras características físicas |
Tapa rustica |
| Dimensiones |
19 cm |
| 490 ## - MENCIÓN DE SERIE |
| Mención de serie |
Premio Nobel De Literatura |
| 521 ## - NOTA DE PÚBLICO DESTINATARIO |
| Nota de público destinatario |
«Una novela de amor de hoy, de erotismo, con encuentros, separaciones, sufrimientos, engaños, entrega, y también mucha verdad, y en la que Vargas Llosa, a modo de entomólogo, analiza minuciosamente la condición humana, como su gran admirado Flaubert en La educación sentimental, obra que se cita en la novela, entre otras muchas referencias literarias alas que alude el autor. Y es que la idea de novela para Vargas Llosa es\"la experiencia totalizadora de la condición humana\".»El País «La niña mala recuerda a los amorosos de Sabines: buscan la felicidad sin nunca encontrarla, pues encontrarla equivaldría a perderla sin remedio. Muy recomendable esta novela, en apariencia modesta, pero que en realidad rasca con saña exquisita en nuestros más íntimos deseos y frustraciones domésticas.» Javier Munguía, Revista de Letras |
| 650 ## - PUNTO DE ACCESO ADICIONAL DE MATERIA--TÉRMINO DE MATERIA |
| Término de materia o nombre geográfico como elemento de entrada |
Ficción erótica |
| 650 ## - PUNTO DE ACCESO ADICIONAL DE MATERIA--TÉRMINO DE MATERIA |
| Término de materia o nombre geográfico como elemento de entrada |
Novelas de amor erótico |
| 650 ## - PUNTO DE ACCESO ADICIONAL DE MATERIA--TÉRMINO DE MATERIA |
| Término de materia o nombre geográfico como elemento de entrada |
Literatura adulto |
| 942 ## - ELEMENTOS DE PUNTO DE ACCESO ADICIONAL (KOHA) |
| Fuente del sistema de clasificación o colocación |
|
| Tipo de ítem Koha |
Libro Literatura |